000
00321nam a22001337a 4500
008
171009b xxu||||| |||| 00| 0 eng d
020
_a
9780062504364
041
_a
eng
080
_a
159.9
100
_a
49
101
_a
PSI
245
_a
WE UNDERSTANDING THE PSYCHOLOGY OF ROMANTIC LOVE
_c
JOHNSON,R.A
942
_2
udc
_c
BK
999
_c
32601
_d
32601